"From Now On" The Greatest Showman-Finish the Lyrics - Statistics

General Stats
  • This quiz has been taken 355 times
    324 since last reset
  • The average score is 31 of 48
Answer Stats
Lyrics Missing word+ % Correct
From ___on now
90%
From ___ on now
90%
From now __ on
89%
From now __ on
89%
____ now on ____ now on from
86%
____ now on from
86%
____ now on from
86%
It starts ______ tonight
84%
What waited till tomorrow starts _______ tonight
84%
with kings and_____ queens
81%
What waited till _______ starts tonight tomorrow
79%
For years and _____ years
79%
These eyes will not be_____ by the light blinded
77%
I saw the sun _____to dim Begin
76%
___ from now on and
75%
___ we will come back home and
75%
And let this promise in me _____ start
73%
Like an ______ in my heart anthem
71%
And we will ____ back home come
69%
These ___ will not be blinded by the lights eyes
68%
And we will come back ____ home
68%
Home _____ again
67%
Home again again
67%
Home _____ again
67%
Like an anthem in my _____ heart
66%
And we will come ____ home back
64%
but those are someone else's ____ dreams
64%
Let this ______in me start promise
62%
I ______ who all this was for remember
62%
It ______ tonight starts
62%
And __ will come back home we
62%
I drank_______ champagne
60%
But when I ____ and see you here stop
59%
And we ____ come back home will
59%
And ________praised my name politicians
56%
if ___ is lost all
55%
I ______ their cheers chased
54%
I felt that ______wind blow cold winter
53%
And the wall won't ____ hold
47%
Can only be what's ____ true
46%
Is more I___ gain
43%
The _______ of the man I became pitfall
43%
Because it ____ me back to you lead
41%
One _______ remains
39%
The crazy _____ of always needing more speed
38%
A man _____ who is there for him learns
36%
Cause from ____ rubble then
32%
when the ______fade glitter
31%
No matching quizzes found
Score Distribution
Percent of People with Each Score
Percentile by Number Answered
Your Score History
You have not taken this quiz since the last reset